000 00996cab a22002415a 4500
001 L159041
008 130731e2015 xxk 000 0 eng d
035 _a(Sirsi) u159041
041 0 _aeng
110 1 _aGlobal Construction Perspectives
_95940
245 0 0 _aGlobal Construction 2030
_bA global forecast for the construction industry to 2030
_h[electronic resource]
260 _aOxford
_bGCP
_c2015
520 _aFourth in a series of major global studies of the construction and engineering industry to be published by Global Construction Perspectives and Oxford Economics. It shows the UK overtaking Germany to become Europe's largest construction market by 2025.
590 _aKA
650 2 4 _aECONOMY
650 2 4 _aFORECAST
650 2 4 _aGLOBAL CONSTRUCTION SURVEY
651 4 _aInternational
690 _aCONSTRUCTION
710 1 _aOxford Economics
856 4 0 _uhttps://www.globalconstruction2030.com/
_zPurchase the report from www.globalconstruction2030.com.
942 _n0
999 _c115639
_d115639